Cơ học vật rắn biến dạng
Trình bày khái niệm cơ bản về cơ học vật rắn biến dạng như: Ứng suất, chuyển vị và biến dạng, lý thuyết đàn hồi, bài toán phẳng đàn hồi, bài toán không gian đàn hồi, tính tấm mỏng đàn hồi, lý thuyết dẻo, lý thuyết dẻo ứng dụng......
Đã lưu trong:
| Príomhúdar: | |
|---|---|
| Formáid: | Leabhar |
| Teanga: | Undetermined |
| Foilsithe: |
Hà Nội
Khoa học và Kỹ thuật
2018
|
| Ábhair: | |
| Clibeanna: |
Cuir Clib Leis
Gan Chlibeanna, Bí ar an gcéad duine leis an taifead seo a chlibeáil!
|
| Thư viện lưu trữ: | Trung tâm Học liệu Trường Đại học Cần Thơ |
|---|
| LEADER | 00940nam a2200205Ia 4500 | ||
|---|---|---|---|
| 001 | CTU_230908 | ||
| 008 | 210402s9999 xx 000 0 und d | ||
| 020 | |c 125000 | ||
| 082 | |a 531 | ||
| 082 | |b L103 | ||
| 100 | |a Vũ, Đình Lai | ||
| 245 | 0 | |a Cơ học vật rắn biến dạng | |
| 245 | 0 | |c Vũ Đình Lai, Lương Xuân Bình | |
| 260 | |a Hà Nội | ||
| 260 | |b Khoa học và Kỹ thuật | ||
| 260 | |c 2018 | ||
| 520 | |a Trình bày khái niệm cơ bản về cơ học vật rắn biến dạng như: Ứng suất, chuyển vị và biến dạng, lý thuyết đàn hồi, bài toán phẳng đàn hồi, bài toán không gian đàn hồi, tính tấm mỏng đàn hồi, lý thuyết dẻo, lý thuyết dẻo ứng dụng... | ||
| 650 | |a Cơ học,Mechanics | ||
| 910 | |b nthai | ||
| 980 | |a Trung tâm Học liệu Trường Đại học Cần Thơ | ||